000 00664nam a2200265Ia 4500
005 20260121170044.0
008 008 260114s9999 xx 000 0 eng d
020 _a9783319230450
037 _aEBOOK
040 _aCRL
040 _beng
040 _cCRL
041 _2eng
041 _aeng
084 _qCRL
100 _aMohammad U.H. Joardder, Azharul Karim, Chandan Kumar, Richard J. Brown
_91059261
245 0 _aPorosity
260 _bSpringer
260 _bSpringer
260 _c2016
856 _uhttps://link.springer.com/openurl?genre=book&isbn=978-3-319-23045-0
942 _cEBOOK
999 _c1624990
_d1624990